| 000 | 01066nam a22002657a 4500 | ||
|---|---|---|---|
| 999 |
_c15616 _d15616 |
||
| 003 | MIRAKIL | ||
| 005 | 20240312124257.0 | ||
| 008 | 240312b tu ||||| |||| 00| 0 tur d | ||
| 020 | _a9789751634221 | ||
| 040 |
_aTR-AnCHP _cTR-AnCHP |
||
| 041 | _atur | ||
| 082 |
_a398.5 _bK46 2017 |
||
| 245 | 1 | 0 |
_aKırgız destanları. _bXV, _cTürkiye Türkçesine aktaran Alimcan İnayet _pManas destanı (cusup mamay varyantı) / |
| 246 | _aManas destanı (cusup mamay varyantı) | ||
| 246 | _aKırgız destanları 15 | ||
| 260 |
_aAnkara : _bTürk Dil Kurumu, _c2017. |
||
| 300 |
_a299 s. ; _c24 cm. |
||
| 490 | 0 |
_aAtatürk Kültür Dil ve Tarih Yüksek Kurumu Türk Dil Kurumu yayınları ; _v1253. |
|
| 490 | 0 |
_aTürk Dünyası Destanlarının Tespiti, Türkiye Türkçesine Aktarılması ve Yayımlanması Projesi ; _v66. |
|
| 500 | _aEser Türkçe, Kırgızca paralel | ||
| 504 | _aKaynakça: 299. s. | ||
| 650 | 0 |
_97722 _aDestanlar _xKırgız |
|
| 856 | _zDijital Nüshası için Partimizin Kütüphane Sorumlusu ile iletişime geçiniz. | ||
| 942 |
_2ddc _cBKS |
||